[Event "St Petersburg Korchnoi Memorial op"]
[Site "St Petersburg"]
[Date "2018.08.16"]
[Round "2"]
[White "Shoshin, Kirill"]
[Black "Dashdorzh, Ariunaa"]
[Result "1-0"]
[WhiteElo "1955"]
[BlackElo "1549"]
[PlyCount "101"]
[EventDate "2018.08.15"]
[EventType "swiss"]
[EventRounds "9"]
[EventCountry "RUS"]
[SourceTitle "CBM 186 Extra"]
[Source "ChessBase"]
[SourceDate "2018.08.24"]
[SourceVersion "1"]
[SourceVersionDate "2018.08.24"]
[SourceQuality "1"]

1. d4 Nf6 2. c4 c5 3. d5 e6 4. Nc3 exd5 5. cxd5 d6 6. e4 g6 7. f4 Bg7 8. Bb5+ Nfd7 9. Be2 0-0 10. Nf3 a6 11. a4 Qe7 12. 0-0 Re8 13. Nd2 Nf8 14. Bf3 f5 15. Re1 Bd4+ 16. Kh1 Qh4 17. g3 Qh6 18. Re2 Qg7 19. Ra3 Qc7 20. Nc4 Bxc3 21. bxc3 fxe4 22. Rxe4 Rxe4 23. Bxe4 Nbd7 24. Ne3 Nf6 25. Bc2 Qf7 26. c4 Rb8 27. f5 b5 28. fxg6 Nxg6 29. axb5 axb5 30. cxb5 Rxb5 31. Ra8 Qb7 32. Rxc8+ Qxc8 33. Qf1 Qd7 34. Qxf6 Qe7 35. Qf1 Rb8 36. Nf5 Qd7 37. Nh6+ Kg7 38. Ba4 Qc7 39. Nf5+ Kg8 40. Qe1 Ne5 41. Qe3 Rf8 42. Qg5+ Kh8 43. Bb2 Qf7 44. Bc2 Qxd5+ 45. Kg1 Qf7 46. Qd2 Qe6 47. Qxd6 Re8 48. Qxe6 Rxe6 49. Bb3 Re8 50. Nd6 Re7 51. Bxe5+ 1-0

[Event "RUS-ch Eurasia Cup op"]
[Site "Ekaterinburg"]
[Date "2018.08.08"]
[Round "7"]
[White "Dashdorzh, Ariunaa"]
[Black "Fedortsov, Yakov"]
[Result "1/2-1/2"]
[WhiteElo "1549"]
[BlackElo "1388"]
[PlyCount "56"]
[EventDate "2018.08.01"]
[EventType "swiss"]
[EventRounds "9"]
[EventCountry "RUS"]
[SourceTitle "CBM 185 Extra"]
[Source "ChessBase"]
[SourceDate "2018.07.29"]
[SourceVersion "1"]
[SourceVersionDate "2018.07.29"]
[SourceQuality "1"]

1. e4 c5 2. Nf3 Nc6 3. d4 cxd4 4. Nxd4 Nf6 5. Nc3 g6 6. Be3 Bg7 7. f3 d6 8. Qd2 0-0 9. 0-0-0 d5 10. Nxc6 bxc6 11. exd5 cxd5 12. Nxd5 Rb8 13. Bxa7 Rb7 14. Nxf6+ Bxf6 15. Qxd8 Bxb2+ 16. Kb1 Bd4+ 17. Qb6 Bxb6 18. Bxb6 Rxb6+ 19. Ka1 Be6 20. Bd3 Ra8 21. c4 Ra4 22. Rc1 Rbb4 23. Rhe1 Kf8 24. Re3 Bxc4 25. Bxc4 Rxc4 26. Rxc4 Rxc4 27. Kb2 Rd4 28. Kc3 Ra4 1/2-1/2

[Event "RUS-ch Eurasia Cup op"]
[Site "Ekaterinburg"]
[Date "2018.08.02"]
[Round "2"]
[White "Bitkinin, Lenar"]
[Black "Dashdorzh, Ariunaa"]
[Result "1-0"]
[WhiteElo "2025"]
[BlackElo "1549"]
[PlyCount "73"]
[EventDate "2018.08.01"]
[EventType "swiss"]
[EventRounds "9"]
[EventCountry "RUS"]
[SourceTitle "CBM 185 Extra"]
[Source "ChessBase"]
[SourceDate "2018.07.29"]
[SourceVersion "1"]
[SourceVersionDate "2018.07.29"]
[SourceQuality "1"]

1. d4 Nf6 2. Nf3 c5 3. e3 g6 4. b3 Bg7 5. Bb2 0-0 6. Nbd2 b6 7. Be2 Bb7 8. 0-0 Nc6 9. c4 cxd4 10. exd4 d5 11. Rc1 Rc8 12. Qc2 Nb4 13. Qb1 Ne4 14. h3 Nxd2 15. Nxd2 Nc6 16. Bg4 f5 17. cxd5 Qxd5 18. Bf3 Qd7 19. d5 Ne5 20. Bxe5 Bxe5 21. Nc4 Bg7 22. Rfd1 b5 23. Na5 Rxc1 24. Qxc1 Rc8 25. Qe3 Ba8 26. Nc6 Rc7 27. a3 a6 28. Qb6 Qc8 29. Na7 Qd7 30. Nc6 Qc8 31. Re1 Bf8 32. Qd4 Qd7 33. d6 Bxc6 34. Bd5+ Bxd5 35. Qxd5+ e6 36. Rxe6 Rc1+ 37. Re1+ 1-0

[Event "RUS-ch Eurasia Cup op"]
[Site "Ekaterinburg"]
[Date "2018.08.01"]
[Round "1"]
[White "Dashdorzh, Ariunaa"]
[Black "Zorin, Alexander"]
[Result "0-1"]
[WhiteElo "1549"]
[BlackElo "2183"]
[PlyCount "150"]
[EventDate "2018.08.01"]
[EventType "swiss"]
[EventRounds "9"]
[EventCountry "RUS"]
[SourceTitle "CBM 185 Extra"]
[Source "ChessBase"]
[SourceDate "2018.07.29"]
[SourceVersion "1"]
[SourceVersionDate "2018.07.29"]
[SourceQuality "1"]

1. e4 e5 2. Nf3 Nc6 3. d4 exd4 4. Nxd4 Bc5 5. Nb3 Bb6 6. Nc3 Nge7 7. Nd5 Nxd5 8. exd5 Qf6 9. Qe2+ Ne7 10. h4 h6 11. c4 d6 12. g4 a5 13. g5 Qe5 14. Qxe5 dxe5 15. gxh6 gxh6 16. a4 Nf5 17. c5 Ba7 18. Bb5+ Bd7 19. Bxd7+ Kxd7 20. c6+ bxc6 21. dxc6+ Kxc6 22. Nxa5+ Kd5 23. Nb3 Rab8 24. Nd2 Bd4 25. Rb1 Rb4 26. b3 Bc3 27. Ba3 Re4+ 28. Kd1 Rd4 29. Bc1 Nxh4 30. Kc2 Bb4 31. Nc4 Nf5 32. Ne3+ Nxe3+ 33. Bxe3 Rg4 34. Rxh6 Rxh6 35. Bxh6 Rg2 36. Be3 f5 37. Rf1 f4 38. Bd2 Bc5 39. Be1 e4 40. b4 Bd4 41. Kb3 c6 42. a5 f3 43. a6 Bb6 44. Kc3 Bd4+ 45. Kb3 Ba7 46. Kc3 Bb6 47. Kb3 Ba7 48. Kc3 Bd4+ 49. Kb3 Bb6 50. Kc3 Rh2 51. Kb3 Rh7 52. Rg1 e3 53. Rg5+ Ke4 54. fxe3 Bxe3 55. Rg6 Rh1 56. Re6+ Kd3 57. Bg3 Rb1+ 58. Ka2 Rxb4 59. Rxc6 f2 60. Bxf2 Bxf2 61. Ka3 Rb1 62. Ka2 Rb8 63. Ka3 Ke4 64. Ka4 Kd5 65. Rf6 Bc5 66. Rf7 Kc6 67. a7 Ra8 68. Ka5 Bxa7 69. Kb4 Bb6 70. Rf6+ Kb7 71. Kb5 Ra5+ 72. Kb4 Re5 73. Kc4 Ka6 74. Rg6 Re4+ 75. Kd3 Rh4 0-1